000 00721nam a2200241 i 4500
001 bg
100 1 _aLEBAUER, Roni S.
245 1 0 _aLearn to listen - listen to learn :
_bacademic listening and note-taking : teacher's manual /
_cRoni S. Lebauer.
250 _a2nd ed.
260 _aWhite Plains :
_bPearson Education,
_c2000.
300 _aVII, 100 s. ;
_c28 cm +
_e6 Audiocassettes.
650 9 _aJęzyk angielski
_xnauczanie
655 _aPodręczniki
020 _a0139194401
020 _a0139194576 (Cassettes)
040 _cBPK
041 0 _aen
080 _a811.111(07)
920 _a0-13-919440-1
920 _a0-13-919-457-6 (Cassettes)
942 _cKS
008 s pl f |000 0 pol
999 _c42267
_d42267